000 00288nam a22001337a 4500
008 180313b xxu||||| |||| 00| 0 eng d
020 _a9780201541991
041 _aeng
080 _a004
100 _a28
101 _aSHK
245 _aThe latex companion
_cGoosens,M
942 _2udc
_cBK
999 _c44818
_d44818